| 000 | 00939cam a2200325 a 4500 | ||
|---|---|---|---|
| 001 | 10175551 | ||
| 003 | OSt | ||
| 005 | 20240912112149.0 | ||
| 006 | m d | ||
| 007 | cr n | ||
| 008 | 011126s2001 enka sb 001 0 eng d | ||
| 020 | _a8181479890 | ||
| 035 | _a(WaSeSS)ssj0000157625 | ||
| 038 | _aKhadija | ||
| 040 |
_aDLC _cDLC _dDLC _dWaSeSS |
||
| 050 | 4 |
_aTS230 _b.B423 2001 |
|
| 082 |
_a671.2 _bBEE |
||
| 100 | 1 |
_aBeeley, Peter R. _986733 |
|
| 210 | 1 | 0 | _aFoundry technology |
| 245 | 1 | 0 |
_aFoundry technology / _cPeter Beeley. |
| 250 | _a2nd ed. | ||
| 260 |
_aOxford ; _aBoston : _bButterworth Heinemann, _c2001. |
||
| 504 | _aIncludes bibliographical references. | ||
| 506 | _aLicense restrictions may limit access. | ||
| 563 | _aHardcover | ||
| 650 | 0 |
_aFounding. _986734 |
|
| 773 | 0 | _teBook - Chemical Engineering 1995 - 2006 [EBCCE06] | |
| 910 | _aLibrary of Congress record | ||
| 942 |
_2ddc _cBK |
||
| 999 |
_c31695 _d31695 |
||